LEADER 01457nam a2200337 u 4500 001 000000005279 003 CaOOAMICUS 005 20070226104738.0 008 941010c1960 it acf u000 u ita u 035 $a10139308 040 $aISV$bita$dEFR(R) 100 1 $aGarzetti, Albino,$d1914-1998.$0(OLS)http://pul/name/5515 245 12$aL'Impero da Tiberio agli Antonini /$cdi Albino Garzetti. 260 $aBologna :$bCappelli,$cc1960. 300 $a792 p., 26 p. of plates :$bill., ports. ;$c24 cm 490 1 $aStoria di Roma ;$v6 500 $aIn testa al front.: Istituto di Studi Romani. 500 $aIncludes indexes. 504 $aBibliography: p. [713]-744. 651 0$aRome$xHistory$yEmpire, 30 B.C.-284 A.D.$2//eng$0(OLS)http://pul/subject/3592 651 0$aRome$xPolitics and government$y30 B.C.-284 A.D.$2//eng$0(OLS)http://pul/subject/4683 710 2 $aIstituto di studi romani.$0(OLS)http://pul/name/131 830 0$aStoria di Roma ;$v6.$0(OLS)http://pul/title/163 850 $aPUL 852 $aPUL$W1$xSL Filosofia 1$y2$m116 B 5 bis$j7399$nBK-PRI$b $qStampati$B7399$CPULBib$Z2$F7399 $H $81 910 $aIstituto nazionale di studi romani$9131 910 $aIstituto nazionale di studi romani$9131 941 1 $a8 961 $aINV: 20594 996 $6245$aL'Impero da Tiberio agli Antonini$9(OLS)http://pul/title/7726 996 $6260$aBologna :$bCappelli$9(OLS)http://pul/publisher/47917 LEADER 01512nam a2200337 u 4500 001 000000091472 003 CaOOAMICUS 005 20111006111038.0 008 060321s2005 it u000 u ita u 020 $a8839908102 035 $a11082138 040 $aPUL$bita 041 1 $aita$heng 100 1 $aRobinson, James McConkey,$d1924-$0(OLS)http://pul/name/13740 240 14$aThe sayings of Jesus. The sayings Gospel Q in English.$litaliano.$0(OLS)http://pul/title/118061 245 12$aI detti di Gesł :$bil "Proto-Vangelo" dei detti Q in italiano /$cJames M. Robinson; traduzione dall'inglese di Flavio Dalla Vecchia. 260 $aBrescia :$bQueriniana,$cc2005. 300 $a53 p. ;$c19 cm 490 1 $aGiornale di teologia ;$v310 500 $aed. or.,Minneapolis : A.Fortress Press, c2002. 504 $aInclude riferimenti bibliografici. 630 04$aBiblia.$pN.T.$pEvangelia.$0(OLS)http://pul/subject/2990 700 1 $aDalla Vecchia, Flavio.$0(OLS)http://pul/name/31270 830 0$aGiornale di teologia ;$v310.$0(OLS)http://pul/title/9027 850 $aPUL 852 $aPUL$W1$xSL Religione 3$y85$m200 GDT 1.310$j115214$nBK-PRI$b $qDDC 21$B115214$CPULBib$Z2$F115214 $HPUL100459 $82 941 1 $a9 983 0$aGdT. 996 $6020$a8839908102$9(OLS)http://pul/number/119952 996 $6245$aI detti di Gesł :$bil "Proto-Vangelo" dei detti Q in italiano$9(OLS)http://pul/title/118062 996 $6260$aBrescia :$bQueriniana$9(OLS)http://pul/publisher/47906 LEADER 01416nam a2200301 u 4500 001 000000055020 003 CaOOAMICUS 005 20070226115734.0 008 010112s1943 it u000 u ita u 035 $a10865388 040 $aPUL(R)$bita 100 0 $aPius PP.$bXII,$d1876-1958.$0(OLS)http://pul/name/56413 245 10$aAllocuzioni e messaggi natalizi di S.S. Pio XII :$b1939, 1940, 1941, 1942 /$cPio XII ; a cura di Pio Bondioli. 260 $aMilano :$bS.E.L.,$c1943. 300 $a87 p. ;$c22 cm 504 $aBibliografia: p. 19. 600 04$aPius PP.$bXII,$d1876-1958$xSermoni.$0(OLS)http://pul/subject/22397 700 1 $aBondioli, Pio,$dn. 1890.$0(OLS)http://pul/name/326 850 $aPUL 852 $aPUL$W1$xDP1 Fondo Giannini$y60$m1557 F 30$j72402$nBK-PRI$b $qFondi$B72402$CPULBib$Z2$F72402 $H $81 852 $aPUL$W1$xDP1 Fondo Cecchetti$y53$m272 C 36$j72403$nBK-PRI$b $qFondi$B72403$CPULBib$Z2$F72403 $HPUL6537 $81 900 $aPio$bXII,$cpapa,$d1876-1958$956413 900 $aPacelli, Eugenio,$d1876-1958$956413 910 $aPapi (1939-1958 : Pius PP. XII)$956413 910 $aPapi (1939-1958 : Pius PP. XII)$956413 941 1 $a1 996 $6245$aAllocuzioni e messaggi natalizi di S.S. Pio XII :$b1939, 1940, 1941, 1942$9(OLS)http://pul/title/73722 996 $6260$aMilano :$bS.E.L.$9(OLS)http://pul/publisher/68909